000 00897nam a2200229Ia 4500
005 20241129111128.0
008 241129s9999||||xx |||||||||||||| ||und||
020 _a978-81-8315-525-0
037 _aTB
040 _aCRL
_bhin
_cCRL
041 _asan
_2san
084 _aO15v 152R3
_qCRL
100 _aत्रिपाठी, राधावल्लभ, ले.
245 0 _aआधुनिक संस्कृत साहित्य का समग्र इतिहास
_cत्रिपाठी, राधावल्लभ, ले.
260 _aदिल्ली, भारत
_bन्यू भारतभारतीय बुक कॉरपोरेशन
_c2023
300 _a864पृ0
365 _aINR
_b2000
546 _aTranslated from Sanskrit to Hindi
650 _aSanskrit Literature
942 _cTB
_hO15v 152R3
999 _c1229060
_d1229060